Statistics for Leonardo DiCaprio Films

Click here to take the quiz!

General Stats

  • This quiz has been taken 692 times
  • The average score is 11 of 25

Answer Stats

HintAnswer% Correct
1997Titanic
96%
2010Inception
72%
2002Catch Me If You Can
70%
2010Shutter Island
70%
2006The Departed
64%
2004The Aviator
60%
2000The Beach
59%
1993What's Eating Gilbert Grape?
59%
2013The Great Gatsby
56%
2012Django Unchained
54%
2006Blood Diamond
51%
2002Gangs of New York
46%
1996Romeo + Juliet
45%
1995The Basketball Diaries
45%
2008Revolutionary Road
37%
1998The Man in the Iron Mask
32%
2011J. Edgar
30%
1993This Boy's Life
27%
2008Body of Lies
24%
1991Critters 3
23%
1996Marvin's Room
21%
1995The Quick and the Dead
19%
1998Celebrity
17%
1995Total Eclipse
15%
2001Don's Plum
14%

Score Distribution

Percentile by Number Answered

Percent of People with Each Score

Your Score History

You have not taken this quiz